| 000 | 00328 a2200157 4500 | ||
|---|---|---|---|
| 001 | 63646 | ||
| 082 | _a153.22LAM | ||
| 090 |
_c37644 _d37644 |
||
| 100 | _aLamberts,K | ||
| 245 | _aHandbook of Cognition | ||
| 250 | _a1 | ||
| 260 |
_aLondon _bSage Pub |
||
| 300 | _axx,455p. | ||
| 500 | _aCognition | ||
| 610 | _aCognition | ||
| 942 |
_aNUST-CAE _k153.22LAM |
||
| 999 |
_c298719 _d298719 |
||